[Event "ch-Commonwealth"]
[Site "Delhi IND"]
[Date "2010.05.10"]
[Round "2"]
[White "Kathmale,S"]
[Black "Himanshu,Sh"]
[Result "1-0"]
[WhiteElo "2140"]
[BlackElo "2440"]

1.e4 c5 2.c3 Nf6 3.e5 Nd5 4.Nf3 d6 5.Bc4 e6 6.O-O Nc6 7.d4 cxd4 8.cxd4 Nb6
9.Bb3 Be7 10.Qe2 a5 11.a3 a4 12.Bc2 d5 13.Nc3 Bd7 14.Rd1 Na5 15.Rd3 Nac4
16.Ne1 Qc7 17.Rg3 g6 18.Rf3 Nc8 19.Rb1 b5 20.Bh6 Na7 21.Nd3 Qb6 22.Rf4 Nc6
23.Qg4 Bf8 24.Bg5 Bg7 25.Re1 h6 26.Nxd5 exd5 27.e6 O-O 28.Bxh6 Bxh6 29.Rxf7 Rxf7
30.exf7+ Kg7 31.Qxd7 Rf8 32.Re6 Nb8 33.Qxd5 Qc7 34.Nc5 Qxf7 35.Rxg6+ Qxg6
36.Bxg6 Kxg6 37.h4 Nxb2 38.h5+ Kh7 39.Ne6 Rg8 40.Qf5+ Kh8 41.Qf6+ Kh7 42.Qf5+ Kh8
43.Qe5+ Kh7 44.Qxb5  1-0

[Event "TCh-UKR Clubs"]
[Site "Alushta UKR"]
[Date "2010.05.14"]
[Round "2"]
[White "Iakemov,V"]
[Black "Savchenko,S"]
[Result "1/2-1/2"]
[WhiteElo "2476"]
[BlackElo "2553"]

1.e4 c5 2.c3 Nf6 3.e5 Nd5 4.d4 cxd4 5.Nf3 d6 6.cxd4 Nc6 7.Bc4 Nb6 8.Bb5 dxe5
9.Nxe5 Bd7 10.Nxd7 Qxd7 11.O-O e6 12.Nc3 Rd8 13.Be3 Be7 14.Qb3 O-O 15.Rfd1 Qd6
16.Ne4 Qd5 17.Nc3 Qd6 18.Ne4 Qd5 19.Nc3  1/2-1/2

[Event "Open ch-State"]
[Site "Stuttgart GER"]
[Date "2010.05.14"]
[Round "4"]
[White "Schmittdiel,E"]
[Black "Vaysberg,A"]
[Result "0-1"]
[WhiteElo "2503"]
[BlackElo "2218"]

1.e4 c5 2.c3 Nf6 3.e5 Nd5 4.d4 cxd4 5.Bc4 Nb6 6.Bb3 e6 7.cxd4 d6 8.Qe2 Nc6
9.Nf3 dxe5 10.dxe5 Bb4+ 11.Nc3 Nd5 12.Bd2 Qa5 13.Rc1 Bd7 14.O-O Nxc3 15.bxc3 Be7
16.Rfe1 h6 17.Qe4 Qc7 18.Qg4 g6 19.Nd4 Nxe5 20.Qf4 Bg5 21.Qxe5 Qxe5 22.Rxe5 Bxd2
23.Rc2 Bf4 24.Re4 Bd6 25.a4 a6 26.f4 O-O 27.g3 Rac8 28.Kf1 Rc7 29.c4 Bc5
30.Rd2 Rfc8 31.Ke2 Be8 32.Re3 Rd8 33.Red3 Rcd7 34.Nf3 Rxd3 35.Rxd3 Rxd3 36.Kxd3 Kf8
37.Ke2 Ke7 38.Bc2 Kd6 39.g4 Ba3 40.g5 h5 41.Nd2 Kc5 42.Kd3 Kb4 43.Ne4 Bxa4
44.Nd6 Bxc2+ 45.Kxc2 Kc5 46.Nxf7 Kxc4 47.Ne5+ Kd4 48.Nxg6 Ke4 49.Ne5 Kxf4
50.g6 Bf8 51.Nd7 Bg7 52.Nc5 Kf5 53.Nxb7 Bf8 54.Nc5 a5 55.Kb3 Kxg6 56.Nxe6 Bd6
57.h3 Kf5 58.Ng7+ Kg5 59.Ka4 Bb4  0-1

[Event "TCh-UKR Clubs"]
[Site "Alushta UKR"]
[Date "2010.05.16"]
[Round "5"]
[White "Iakemov,V"]
[Black "Kostromin,M"]
[Result "0-1"]
[WhiteElo "2476"]
[BlackElo "2371"]

1.e4 c5 2.c3 Nf6 3.e5 Nd5 4.d4 cxd4 5.Nf3 Nc6 6.cxd4 d6 7.Bc4 Nb6 8.Bb5 dxe5
9.Nxe5 Bd7 10.Nxd7 Qxd7 11.O-O Rd8 12.a4 a6 13.Bxc6 Qxc6 14.Nc3 e6 15.Bg5 f6
16.Be3 Be7 17.Qb3 Nd5 18.Rfc1 Qb6 19.Qc4 Kf7 20.a5 Qxb2 21.Rab1 Nxe3 22.fxe3 Qd2
23.Qb3 Rc8 24.d5 Qxe3+ 25.Kh1 Rhd8 26.dxe6+ Kf8 27.Rc2 Rc7 28.Rbc1 Rdc8 29.h3 Bd6
30.Rd1 Rxc3 31.Qxb7 Qxe6 32.Rxc3 Rxc3 33.Qxa6 Ke7 34.Qb7+ Rc7 35.Qb1 Kf7
36.Re1 Qd5 37.a6 Rc3 38.Qxh7 Re3 39.Rb1 Re2 40.Rg1 Qe5  0-1

[Event "4th All China Games Rapid"]
[Site "Hefei CHN"]
[Date "2010.05.17"]
[Round "1"]
[White "Hong Jiarong"]
[Black "Xu Jun"]
[Result "0-1"]
[WhiteElo "2372"]
[BlackElo "2508"]

1.e4 c5 2.c3 Nf6 3.e5 Nd5 4.Nf3 Nc6 5.d4 cxd4 6.cxd4 d6 7.Nc3 dxe5 8.dxe5 Nxc3
9.Qxd8+ Nxd8 10.bxc3 Bd7 11.Rb1 Rc8 12.Bd2 g6 13.Nd4 Bg7 14.f4 f6 15.e6 Nxe6
16.Nxe6 Bxe6 17.Rxb7 f5 18.Rxa7 Kf7 19.Bb5 Rhd8 20.a4 Bd5 21.O-O Bxg2 22.Kxg2 Rxd2+
23.Rf2 Bxc3 24.Rd7 Rxd7 25.Bxd7 Rd8 26.Rc2 Rxd7 27.Rxc3 Rd2+ 28.Kg3 Ra2 29.Rc4 Kg7
30.Rc7 Ra3+ 31.Kg2 Rxa4 32.Rxe7+ Kf6 33.Rxh7 Rxf4 34.h4 Ra4 35.h5 g5 36.Rb7 g4
37.h6 Ra2+ 38.Kg3 Kg5  0-1

[Event "TCh-UKR Clubs"]
[Site "Alushta UKR"]
[Date "2010.05.20"]
[Round "11"]
[White "Stoockalov,V"]
[Black "Korobkov,P"]
[Result "0-1"]
[WhiteElo "2280"]
[BlackElo "2494"]

1.e4 c5 2.c3 Nf6 3.e5 Nd5 4.Nf3 e6 5.Bc4 d6 6.d4 cxd4 7.cxd4 Nc6 8.Qe2 Be7
9.O-O O-O 10.Re1 Bd7 11.a3 Qb6 12.Qe4 Na5 13.Nbd2 Nxc4 14.Nxc4 Qa6 15.Nxd6 Bxd6
16.exd6 Qxd6 17.Bg5 f6 18.Bh4 Rac8 19.Rac1 Qb6 20.b4 Qa6 21.Ra1 Rc3 22.Bg3 Rxa3
23.b5 Qa5 24.Rac1 Rc8 25.Rc5 Ra1 26.h3 Rxe1+ 27.Nxe1 Rxc5 28.dxc5 Qxb5 29.Bd6 a5
30.f4 Qb4  0-1

[Event "Campomanes Mem IM"]
[Site "Ankara TUR"]
[Date "2010.05.21"]
[Round "9"]
[White "Ali Marandi,C"]
[Black "Genova,Ly"]
[Result "1/2-1/2"]
[WhiteElo "2105"]
[BlackElo "2293"]

1.e4 c5 2.c3 Nf6 3.e5 Nd5 4.d4 cxd4 5.Nf3 e6 6.cxd4 d6 7.Bc4 Nc6 8.O-O Be7
9.Qe2 O-O 10.Qe4 Bd7 11.Bd3 f5 12.exf6 Nxf6 13.Qe2 Qa5 14.Nc3 Qh5 15.h3 Rae8
16.a3 Nd5 17.Bc4 Kh8 18.Be3 a6 19.Rfe1 b5 20.Ba2 Nxe3  1/2-1/2

[Event "Municipality Cup"]
[Site "Tbilisi GEO"]
[Date "2010.05.21"]
[Round "7"]
[White "Lomsadze,D"]
[Black "Yegiazarian,A"]
[Result "0-1"]
[WhiteElo "2366"]
[BlackElo "2475"]

1.e4 c5 2.c3 Nf6 3.d3 Nc6 4.Nf3 d6 5.g3 g6 6.Bg2 Bg7 7.O-O O-O 8.Nbd2 Bd7
9.Ne1 b5 10.a3 a5 11.h3 b4 12.Kh2 bxc3 13.bxc3 Rb8 14.f4 Ne8 15.Qc2 a4 16.Nef3 Qa5
17.e5 dxe5 18.Nc4 Qa6 19.Ncxe5 Nxe5 20.Nxe5 Bxe5 21.fxe5 Bf5 22.c4 Rb3 23.Rd1 Nc7
24.Be3 Rd8 25.Bxc5 Qe6 26.Qf2 Bxd3 27.Ra2 Re8 28.Rad2 Bxc4 29.Rd4 Rb5 30.Rd7 Na6
31.Rd8 Rb8 32.Rxb8 Rxb8 33.Ba7 Re8 34.Qf4 Bb3 35.Rd2 Nc7 36.Qh6 Nb5 37.Be3 Rc8
38.Bf4 Nxa3 39.h4 Qb6 40.Bg5 Nc4 41.Rd6 Nxd6 42.exd6 Qxd6 43.Bf4 e5  0-1

[Event "BSG Pinkster GpA"]
[Site "Bossum NED"]
[Date "2010.05.22"]
[Round "2"]
[White "Lindeman,Sv"]
[Black "Wunnink,M"]
[Result "0-1"]
[WhiteElo "2196"]
[BlackElo "2290"]

1.e4 c5 2.c3 Nf6 3.e5 Nd5 4.d4 cxd4 5.cxd4 d6 6.Nf3 Nc6 7.Bc4 Nb6 8.Bb5 dxe5
9.Nxe5 Bd7 10.Nxd7 Qxd7 11.O-O e6 12.Be3 Be7 13.Nc3 O-O 14.Rc1 Rac8 15.a3 Rfd8
16.Ne2 Bf6 17.Qd2 e5 18.Rfd1 exd4 19.Nxd4 Qd5 20.Nxc6 bxc6 21.Bd3 Qe5 22.Rc2 Nd5
23.Re1 Nxe3 24.Rxe3 Qd5 25.Qe2 Bg5 26.Rh3 Re8 27.Qf3 Re1+ 28.Bf1 Rd8 29.Qxd5 Rxd5
30.Re2 Rxe2 31.Bxe2 Rd2 32.Kf1 Rxb2 33.Rd3 c5 34.g3 Rb7 35.Rd5 Be7 36.Bc4 g6
37.Ke2 Rb2+ 38.Rd2 Rb7 39.h4 h5 40.Kf3 Kg7 41.Ke4 Bf6 42.f3 Bd4 43.Kd5 Re7
44.a4 Kf6 45.g4 Re3 46.Rd3 Rxd3 47.Bxd3 Bf2 48.gxh5 gxh5 49.a5 Bxh4 50.Kxc5 Ke5
51.Bc4 Bf2+ 52.Kc6 h4 53.Bxf7 h3 54.f4+ Kxf4 55.Bd5 Kg3 56.Kb7 Kh2 57.Be6 Kg2
58.Bxh3+ Kxh3 59.Ka6 Kg4 60.Kb5 Kf4 61.Ka6 Ke5 62.Kb5 Kd5 63.Ka6 Kc4 64.Kb7 Kb5  0-1

[Event "ch-PHI w"]
[Site "Tagaytay City PHI"]
[Date "2010.05.27"]
[Round "4"]
[White "Salvador,A"]
[Black "Docena,J"]
[Result "0-1"]
[WhiteElo "2058"]
[BlackElo "2008"]

1.e4 c5 2.c3 Nf6 3.e5 Nd5 4.d4 cxd4 5.Nf3 e6 6.cxd4 d6 7.Nc3 Nxc3 8.bxc3 Qc7
9.Bd2 Bd7 10.Bd3 Bc6 11.O-O Nd7 12.exd6 Bxd6 13.h3 b6 14.Qe2 Qb7 15.Ne1 O-O
16.f4 Nf6 17.Nf3 Ne4 18.Ng5 Nxg5 19.fxg5 Rae8 20.Bf4 Bxf4 21.Rxf4 g6 22.Raf1 Qe7
23.Rf6 Ba8 24.Qf2 Rc8 25.c4 Rcd8 26.h4 Qd7 27.d5 exd5 28.h5 dxc4 29.Bxc4 Bd5
30.Rd1 Qg4 31.Rxd5 Qxc4 32.Rxd8 Rxd8 33.hxg6 hxg6 34.Rf4 Qe6 35.Ra4 Rd1+
36.Kh2 Qd6+ 37.Rf4 Qe5 38.Qg3 Rd5 39.Rg4 Qxg3+ 40.Kxg3 Rd3+  0-1

[Event "XXIX Open A"]
[Site "Zalakaros HUN"]
[Date "2010.05.27"]
[Round "2"]
[White "Vajda,Le"]
[Black "Pergel,L"]
[Result "1-0"]
[WhiteElo "2519"]
[BlackElo "2285"]

1.e4 c5 2.c3 Nf6 3.e5 Nd5 4.d4 cxd4 5.Nf3 e6 6.cxd4 d6 7.Bc4 Nb6 8.Bb3 Nc6
9.Qe2 dxe5 10.dxe5 Bb4+ 11.Nc3 Nd5 12.Bd2 Nxc3 13.bxc3 Be7 14.O-O Qc7 15.Rfe1 O-O
16.h4 b6 17.Qe4 Bb7 18.Qg4 Rfe8 19.h5 Bf8 20.Bc2 Ne7 21.Ng5 Nf5 22.Bxf5 exf5
23.Qxf5 g6 24.Qh3 h6 25.hxg6 fxg6 26.Nf3 Rad8 27.Nd4 Rd5 28.f4 Bc8 29.Qg3 Kh7
30.Re2 Qc4 31.Rae1 Bc5 32.Be3 Qxc3 33.Nf3 Ba6 34.Bxc5 Qxc5+ 35.Re3 Rd3 36.Kh2 Rxe3
37.Rxe3 Bb7 38.Rc3 Qe7 39.Nd4 Rd8 40.f5 gxf5 41.Nxf5 Qf7 42.Qh4  1-0

[Event "2nd Kahraman Olgac Mem"]
[Site "Instanbul TUR"]
[Date "2010.05.28"]
[Round "9"]
[White "Kanmazalp,O"]
[Black "Tsatsalashvili,K"]
[Result "1-0"]
[WhiteElo "2287"]
[BlackElo "2257"]

1.e4 c5 2.c3 Nf6 3.e5 Nd5 4.Nf3 e6 5.d4 cxd4 6.cxd4 Nc6 7.a3 d6 8.Bd3 Be7
9.O-O O-O 10.Qc2 h6 11.Qe2 f5 12.exf6 Rxf6 13.Qe4 Rf5 14.Nc3 Qf8 15.Nh4 Bxh4
16.Qxh4 Qf6 17.Qg4 Nxc3 18.bxc3 Ra5 19.Qe4 Ne7 20.f4 Nf5 21.g4 d5 22.Qg2 Nh4
23.Qg3 Qe7 24.Bd2 Bd7 25.Be1 g5 26.fxg5 hxg5 27.Qc7 b6 28.Bxh4 gxh4 29.Qe5 Rf8
30.Rxf8+ Qxf8 31.Qg5+ Qg7 32.Qd8+  1-0

[Event "Mitropa Cup w"]
[Site "Chur SUI"]
[Date "2010.05.29"]
[Round "1"]
[White "Exler,V"]
[Black "Brunello,M"]
[Result "1/2-1/2"]
[WhiteElo "2119"]
[BlackElo "2218"]

1.e4 c5 2.c3 Nf6 3.e5 Nd5 4.d4 cxd4 5.Nf3 e6 6.cxd4 d6 7.Nc3 Nxc3 8.bxc3 Qc7
9.Bd2 Nd7 10.Bd3 dxe5 11.O-O Be7 12.Re1 exd4 13.cxd4 Nf6 14.Rc1 Qd8 15.Qc2 O-O
16.Bg5 h6 17.Bxf6 Bxf6 18.Be4 Rb8 19.Red1 Qe7 20.Ne5 Bd7 21.Nxd7 Qxd7 22.d5 exd5
23.Rxd5 Qe7 24.g3 Rfe8 25.Bh7+ Kh8 26.Bf5 Rbd8 27.Rxd8 Rxd8 28.Qc7 Rd1+ 29.Kg2 Rxc1
30.Qxc1 g6 31.Bc2 Kg7 32.Qd1 b5 33.Qd5 b4 34.Bb3 Qc7 35.Qc4 Qb7+ 36.Qd5 Qe7
37.Qc4 a5 38.Ba4 Qa7 39.Qd5 Bd4 40.Qf3 Bb6 41.Qe2 Qc7 42.Qb2+ Qc3 43.Qxc3+ bxc3
44.Kf1 Kf6 45.Ke2 g5 46.f3 Bg1 47.h3 Ke5 48.Bb3 f6 49.Kd3 Bf2 50.f4+ gxf4
51.gxf4+ Kxf4 52.Kxc3 f5 53.Be6 Ke5 54.Bd7 Ke4 55.Kd2 Bh4 56.Ke2 f4 57.Kf1 Ke3
58.Bg4  1/2-1/2

[Event "Mitropa Cup w"]
[Site "Chur SUI"]
[Date "2010.06.02"]
[Round "5"]
[White "Exler,V"]
[Black "De Seroux,C"]
[Result "1-0"]
[WhiteElo "2119"]
[BlackElo "2028"]

1.e4 c5 2.c3 Nf6 3.e5 Nd5 4.d4 cxd4 5.Nf3 Nc6 6.Bc4 Nb6 7.Bb3 d6 8.exd6 Qxd6
9.O-O Be6 10.Bxe6 Qxe6 11.Nxd4 Qd7 12.Nxc6 Qxc6 13.Nd2 g6 14.Nf3 Bg7 15.Qe2 Qc4
16.Re1 e6 17.Be3 Qxe2 18.Rxe2 Nd5 19.Bc5 b6 20.Bd4 O-O 21.Bxg7 Kxg7 22.c4 Nf6
23.Rd1 Rfc8 24.b3 a5 25.Nd4 a4 26.f3 Rc5 27.Nb5 Rc6 28.Red2 Ne8 29.Rd7 axb3
30.axb3 Ra2 31.Re7 Kf8 32.Rdd7 f5 33.Rxh7 Kg8 34.Rhe7 Kf8 35.Nd4 Ra1+ 36.Kf2 Ra2+
37.Kg3 Nf6 38.Rf7+ Ke8 39.Rde7+  1-0

[Event "3rd Mayor's Cup"]
[Site "Mumbai IND"]
[Date "2010.06.03"]
[Round "2"]
[White "Awate,A"]
[Black "Kunte,A"]
[Result "1/2-1/2"]
[WhiteElo "2184"]
[BlackElo "2523"]

1.e4 c5 2.c3 Nf6 3.e5 Nd5 4.d4 cxd4 5.cxd4 d6 6.Bc4 Nb6 7.Bb5+ Bd7 8.Bxd7+ Qxd7
9.Nf3 Nc6 10.Nc3 e6 11.O-O d5 12.Bg5 Be7 13.Bxe7 Qxe7 14.Rc1 O-O 15.Re1 f6
16.Qd3 fxe5 17.Nxe5 Qh4 18.Nf3 Qh6 19.Qe3 Rf6 20.Qxh6 Rxh6 21.Nb5 Rd8 22.Ne5 Nxe5
23.dxe5 Rh4  1/2-1/2

[Event "1st Open"]
[Site "Di Roseto ITA"]
[Date "2010.06.04"]
[Round "1"]
[White "Franceschi,R"]
[Black "Rotstein,A"]
[Result "0-1"]
[WhiteElo "2118"]
[BlackElo "2538"]

1.e4 c5 2.c3 Nf6 3.e5 Nd5 4.Bc4 e6 5.Nf3 d6 6.d4 cxd4 7.cxd4 Be7 8.O-O O-O
9.Nc3 Nxc3 10.bxc3 Nc6 11.Qe2 Qa5 12.Bd2 Bd7 13.Rfd1 Rfd8 14.Bd3 Be8 15.Qe4 g6
16.h4 Bf8 17.h5 Bg7 18.hxg6 hxg6 19.c4 Nb4 20.Bc3 Bc6 21.Qe1 Nxd3 22.Qd2 Ba4
23.Rdb1 Nc5 24.Qe3  0-1

[Event "9th TCh-BIH Premier"]
[Site "Bihac BIH"]
[Date "2010.06.08"]
[Round "4"]
[White "Savic,Miod1"]
[Black "Predojevic,B"]
[Result "1/2-1/2"]
[WhiteElo "2529"]
[BlackElo "2628"]

1.e4 c5 2.c3 Nf6 3.e5 Nd5 4.Nf3 Nc6 5.d4 cxd4 6.Bc4 Nb6 7.Bb3 g6 8.cxd4 Bg7
9.O-O O-O 10.Qe2 d6 11.h3 Na5 12.Bc2 Be6 13.Rd1 Rc8 14.Nc3 Nd5 15.Nxd5 Bxd5
16.Be4 Bxe4 17.Qxe4 dxe5 18.Bg5 Qb6 19.dxe5 Qxb2 20.Qd5 Nc6 21.Rab1 Qe2 22.Re1 Qa6
23.Qd7 b5 24.Bxe7 Nxe7  1/2-1/2

[Event "9th TCh-BIH Premier"]
[Site "Bihac BIH"]
[Date "2010.06.09"]
[Round "5"]
[White "Pestek,E"]
[Black "Runic,Z"]
[Result "0-1"]
[WhiteElo "1985"]
[BlackElo "2398"]

1.e4 c5 2.c3 Nf6 3.e5 Nd5 4.d4 cxd4 5.Nf3 Nc6 6.Bc4 Nb6 7.Bb3 d5 8.exd6 Qxd6
9.O-O Bf5 10.Nxd4 Nxd4 11.Qxd4 Qxd4 12.cxd4 Rd8 13.Be3 e6 14.Nc3 Bb4 15.Rac1 Bxc3
16.Rxc3 Be4 17.Rfc1 O-O 18.Kf1 Bd5 19.a3 Rd7 20.Bxd5 Nxd5 21.Rc8 Rfd8 22.Rxd8+ Rxd8
23.Ke2 Kf8 24.Rc2 Ke8 25.Rc1 Kd7 26.Rc2 h6 27.h4 Ne7 28.g3 Nc6 29.Rd2 Ke7
30.Rd3 Rd5 31.Rd2 h5 32.Rd3 Rb5 33.Rd2 Kd6 34.Rc2 b6 35.f4 Rb3 36.Rd2 Kd5
37.Bf2 Na5 38.Rc2 Nc4 39.Be1 a5 40.Bc3 b5 41.Be1 g6 42.Bc3 b4 43.axb4 axb4
44.Be1 Kxd4 45.Bf2+ Kd5 46.Be1 Kc5 47.Bf2+ Kb5 48.Bd4 Rxg3 49.Rc1 Rg2+ 50.Kf3 Rd2
51.Bf6 Nb6 52.Ke3 Rh2 53.Bd4 Nd5+ 54.Ke4 Rxh4  0-1

[Event "9th TCh-BIH Premier"]
[Site "Bihac BIH"]
[Date "2010.06.10"]
[Round "6"]
[White "Stevic,H"]
[Black "Kovacevic,A"]
[Result "1/2-1/2"]
[WhiteElo "2599"]
[BlackElo "2573"]

1.e4 c5 2.c3 Nf6 3.e5 Nd5 4.Nf3 e6 5.d4 cxd4 6.cxd4 d6 7.Bc4 Nc6 8.O-O Be7
9.exd6 Qxd6 10.Nc3 O-O 11.Re1 a6 12.Bb3 Nf6 13.d5 exd5 14.Nxd5 Nxd5 15.Qxd5 Qxd5
16.Bxd5 Bf6 17.Bf4 Nb4 18.Be4 Bxb2 19.Rab1 Bc3 20.Re3 Nxa2 21.Bd6 Rd8 22.Bc7 Rf8
23.Bd6 Rd8 24.Bc7  1/2-1/2

[Event "1st Open"]
[Site "Di Roseto ITA"]
[Date "2010.06.11"]
[Round "8"]
[White "Sveshnikov,E"]
[Black "Rombaldoni,Ax"]
[Result "1/2-1/2"]
[WhiteElo "2493"]
[BlackElo "2436"]

1.e4 c5 2.c3 Nf6 3.e5 Nd5 4.Nf3 Nc6 5.Bc4 Nb6 6.Bb3 g6 7.d4 cxd4 8.Ng5 d5
9.exd6 e6 10.Qf3 Ne5 11.Qe4 Qxd6 12.O-O Bg7 13.cxd4 Nc6 14.Rd1 Na5 15.Nc3 Nxb3
16.axb3 O-O 17.Qh4 h6 18.Nge4 Qd8 19.Bg5 hxg5 20.Nxg5 Re8 21.Rd3 Nd7 22.Qh7+ Kf8
23.Nce4 Nf6 24.Nxf6 Qxf6 25.Qh4 Qd8 26.Rf3 f5 27.Nh7+ Kg8 28.Ng5 Qf6 29.Re1 Bd7
30.Qh7+ Kf8 31.Ne4 Qxd4 32.Qxg6 Re7 33.Ng5 Rc8 34.h3 Rc6 35.Rg3 Kg8 36.Qh7+ Kf8
37.Qg6 e5 38.Nh7+ Kg8 39.Nf6+ Kf8 40.Nh7+ Kg8 41.Nf6+ Rxf6 42.Qxf6 Rf7 43.Qd8+ Kh7
44.Qg5 f4 45.Qh5+ Kg8 46.Rg5 f3 47.Rexe5 fxg2 48.Rxg7+ Kxg7 49.Qg5+ Kh7 50.Qh5+ Kg7
51.Qg5+ Kh7 52.Qh5+ Kg8 53.Qg6+ Kf8 54.Qh6+ Kg8 55.Qg6+ Kf8 56.Qh6+  1/2-1/2

[Event "9th TCh-BIH Premier"]
[Site "Bihac BIH"]
[Date "2010.06.12"]
[Round "8"]
[White "Stevic,H"]
[Black "Muratovic,Ef"]
[Result "1-0"]
[WhiteElo "2599"]
[BlackElo "2311"]

1.e4 c5 2.c3 Nf6 3.e5 Nd5 4.d4 cxd4 5.Nf3 Nc6 6.cxd4 d6 7.Bc4 Nb6 8.Bb5 Bd7
9.exd6 e6 10.Bg5 Qb8 11.O-O Bxd6 12.Nc3 O-O 13.a3 Bf4 14.Bh4 Nd5 15.Ne4 Qc7
16.Bd3 Qb6 17.Nc5 Bc8 18.Qc2 g6 19.Rfe1 Bh6 20.b4 Bg7 21.Qc4 Nce7 22.Ne5 Qd8
23.Qb3 g5 24.Bg3 Nf5 25.Rad1 Nxg3 26.hxg3 b6 27.Ne4 Bb7 28.Rc1 Rc8 29.Rxc8 Bxc8
30.Nc6 Qc7 31.b5 Bd7 32.Nxg5 Bxc6 33.bxc6 Bxd4 34.Bxh7+ Kh8 35.Qf3 Nf6 36.Bb1 Rg8
37.Ne4 Ng4 38.Rd1 e5 39.Rc1 Rg6 40.Qf5 Rxc6 41.Qh5+ Kg7 42.Qxg4+ Kf8 43.Rxc6 Qxc6
44.Qd1  1-0

[Event "National Open"]
[Site "Las Vegas USA"]
[Date "2010.06.12"]
[Round "4"]
[White "Sevillano,E"]
[Black "Young,G"]
[Result "1/2-1/2"]
[WhiteElo "2507"]
[BlackElo "2268"]

1.e4 c5 2.c3 Nf6 3.e5 Nd5 4.d4 cxd4 5.Nf3 Nc6 6.Bc4 Nb6 7.Bb3 d5 8.exd6 Qxd6
9.O-O Be6 10.Bxe6 Qxe6 11.Nxd4 Nxd4 12.Qxd4 Rd8 13.Qh4 Qe2 14.Nd2 h5 15.a4 Qg4
16.Qxg4 hxg4 17.a5 Nd5 18.Ra4 Nf6 19.Nb3 Rh5 20.a6 b6 21.Nd4 e6 22.Nc6 Rd7
23.Rd4 Rc5 24.Rxd7 Nxd7 25.Nxa7 Ra5 26.Nb5 Rxb5 27.b4 Bxb4 28.Bb2 Ba3 29.Ra1 Bxb2
30.a7 Bxa1 31.a8=Q+ Ke7 32.Qxa1 g6 33.Kf1 Rd5 34.Qa4 f5 35.Ke2 Re5+ 36.Kd2 Rd5+
37.Ke2 Re5+ 38.Kd2 Rd5+  1/2-1/2

[Event "14th FIDE Open"]
[Site "Voronezh RUS"]
[Date "2010.06.12"]
[Round "1"]
[White "Avtsynov,A"]
[Black "Manukovsky,V"]
[Result "0-1"]
[WhiteElo "1950"]
[BlackElo "2259"]

1.e4 c5 2.c3 Nf6 3.e5 Nd5 4.d4 cxd4 5.Nf3 g6 6.cxd4 Bg7 7.Nc3 Nxc3 8.bxc3 Nc6
9.Bf4 O-O 10.Bd3 d6 11.exd6 exd6 12.O-O b6 13.Rc1 Bb7 14.Re1 Rc8 15.Be3 Re8
16.c4 Qd7 17.h3 Nb4 18.Bb1 Ba6 19.a3 Nc6 20.Qa4 Qb7 21.Ba2 Na5 22.c5 dxc5
23.dxc5 Re4 24.Bxf7+ Kf8 25.c6 Qe7 26.Qxe4 Qxe4 27.Bc5+ Kxf7 28.Rxe4 bxc5
29.Rxc5 Nxc6 30.Ng5+ Kg8 31.Re6 Bb7 32.Ne4 Bf8 33.Rc3 Nd4 34.Rxc8 Nxe6 35.Rc4 Bxa3
36.Ra4 Bf8 37.Nf6+ Kf7 38.Rxa7 Nd8 39.Ng4 Ke6 40.Ra5 Bd6 41.Ne3 Nc6 42.Rb5 Bc8
43.Rb6 Ne5 44.Rb3 Ba6 45.Rb6 Bd3 46.Rb3 Be4 47.Rb6 h5 48.Ra6 Bd3 49.Ra8 Bb5
50.Ra5 Bc6 51.Ra6 Kd7 52.Ra7+ Bc7 53.Ra6 Kc8 54.Ra3 Bb6 55.Rc3 Kd7 56.Nc4 Nxc4
57.Rxc4 Kd6 58.Rc2 Bc5 59.Kh1 Be4 60.Rd2+ Ke5 61.Re2 Kf4 62.f3 Bd3 63.Re6 Kg3
64.Rc6 Bf2 65.Rc1 g5 66.Rd1 Be2 67.Ra1 Be3 68.Ra2 Bf1 69.f4 gxf4 70.Rb2 h4
71.Ra2 f3 72.gxf3 Bxh3 73.Rh2 Bf1 74.f4 h3  0-1

[Event "National Open"]
[Site "Las Vegas USA"]
[Date "2010.06.13"]
[Round "6"]
[White "Bryant,J"]
[Black "Eckert,D"]
[Result "1-0"]
[WhiteElo "2367"]
[BlackElo "2240"]

1.e4 c5 2.c3 Nf6 3.e5 Nd5 4.Nf3 e6 5.d4 cxd4 6.cxd4 b6 7.Nc3 Nxc3 8.bxc3 Qc7
9.Bd2 d6 10.Bd3 Nd7 11.Ng5 Bb7 12.O-O dxe5 13.f4 e4 14.Nxe4 Be7 15.Qh5 g6
16.Qh6 Bxe4 17.Bxe4 Rc8 18.Bd3 Bf8 19.Qh4 Be7 20.Qh6 Bf8 21.Qh4 Be7 22.Qh3 O-O
23.f5 exf5 24.Rxf5 Rfe8 25.Rxf7  1-0

[Event "National Open"]
[Site "Las Vegas USA"]
[Date "2010.06.13"]
[Round "6"]
[White "Rubsamen,C"]
[Black "Mikhailuk,S"]
[Result "0-1"]
[WhiteElo "2227"]
[BlackElo "2436"]

1.e4 c5 2.c3 Nf6 3.e5 Nd5 4.Nf3 e6 5.Bc4 Nb6 6.Bb3 c4 7.Bc2 Nc6 8.O-O g5
9.Re1 Bg7 10.h3 h5 11.g4 hxg4 12.hxg4 d6 13.exd6 Qxd6 14.d4 cxd3 15.Qxd3 Qxd3
16.Bxd3 e5 17.Nh2 f6 18.Bg6+ Kf8 19.Nd2 Kg8 20.f3 Bf8 21.Nhf1 Nd5 22.Nb3 a5
23.a4 Be6 24.Bc2 Be7 25.Ng3 Bd8 26.Kg2 Bb6 27.Bd2 Kf7 28.Rh1 Be3 29.Nf5 Bxf5
30.Bxf5 Bxd2 31.Nxd2 Ne3+ 32.Kg3 Nxf5+ 33.gxf5 Ne7 34.Kg4 Nd5 35.Nc4 Ke7
36.Rad1 Nf4 37.Nb6 Rad8 38.Rxd8 Rxh1 39.Rd7+ Ke8 40.Kg3 Rg1+ 41.Kf2 Rg2+
42.Kf1 Rxb2 43.Rxb7 Nd5 44.Nc4 Ne3+  0-1

[Event "14th Master Open"]
[Site "Voronezh RUS"]
[Date "2010.06.13"]
[Round "2"]
[White "Sivuk,V"]
[Black "Zakhartsov,Vi"]
[Result "0-1"]
[WhiteElo "2436"]
[BlackElo "2586"]

1.e4 c5 2.c3 Nf6 3.e5 Nd5 4.d4 cxd4 5.Nf3 e6 6.cxd4 d6 7.a3 Bd7 8.Nbd2 dxe5
9.Nxe5 Nf6 10.Ndf3 Nc6 11.Bd3 Be7 12.O-O O-O 13.Bb1 Nxe5 14.dxe5 Nd5 15.Qd3 g6
16.Bh6 Re8 17.Ba2 Bc6 18.Nd4 Qb6 19.Nxc6 bxc6 20.Qc2 Rab8 21.Rab1 Bc5 22.Rfc1 Bd4
23.Qxc6 Bxf2+ 24.Kh1 Qxc6 25.Rxc6 Bd4 26.Bxd5 exd5 27.b4 Bxe5 28.g3 f6 29.Rd1 d4
30.Bd2 Kf7 31.Kg2 Re6 32.Rdc1 Rb6 33.Rxe6 Rxe6 34.a4 Ke7 35.Kf3 Bd6  0-1

[Event "14th Master Open"]
[Site "Voronezh RUS"]
[Date "2010.06.13"]
[Round "2"]
[White "Gurkin,A"]
[Black "Gorkavij,V"]
[Result "1/2-1/2"]
[WhiteElo "2220"]
[BlackElo "2383"]

1.e4 c5 2.c3 Nf6 3.e5 Nd5 4.Nf3 Nc6 5.Bc4 Nb6 6.Be2 d6 7.exd6 e5 8.d4 cxd4
9.cxd4 exd4 10.Nxd4 Bxd6 11.Nxc6 bxc6 12.O-O O-O 13.Nc3 Bf5 14.Bf3 Qc7 15.g3 Rfd8
16.Qb3 Rab8 17.Bg5 Re8 18.Rfe1 Rxe1+ 19.Rxe1 h6 20.Be3 Nd7 21.Qa4 Ne5 22.Bg2 Rxb2
23.Qxa7 Nd3 24.Re2 Rb7 25.Qa6 Ne5 26.Re1 Bb4 27.Bd4 Nd3 28.Re8+ Kh7 29.Bxc6 Bxc3
30.Qxb7 Qxb7 31.Bxb7 Bxd4 32.Be4 Bxf2+ 33.Kf1 Bxe4 34.Rxe4 Bb6 35.a4 Nc5
36.Rb4 Ba7 37.Rd4 Bb6 38.Rb4 Ba7 39.a5  1/2-1/2

[Event "14th FIDE Open"]
[Site "Voronezh RUS"]
[Date "2010.06.14"]
[Round "3"]
[White "Kubatko,I"]
[Black "Torshin,An2"]
[Result "1/2-1/2"]
[WhiteElo "2122"]
[BlackElo "1947"]

1.e4 c5 2.c3 Nf6 3.e5 Nd5 4.d4 cxd4 5.Nf3 e6 6.cxd4 d6 7.a3 Nc6 8.Bd3 dxe5
9.dxe5 Qc7 10.Qe2 Nxe5 11.Bb5+ Bd7 12.Bxd7+ Nxd7 13.O-O Be7 14.g3 O-O 15.h4 a6
16.Ng5 N7f6 17.Bd2 h6 18.Nf3 Rac8 19.Nc3 Qb6 20.Rab1 Rfd8 21.Rfc1 Nxc3 22.Bxc3 Nd5
23.Bd4 Bc5 24.Be5 Rc6 25.Kg2 Rdc8 26.b4 Be7 27.Bd4 Qc7 28.Rxc6 Qxc6 29.Rb2 Bf6
30.Rd2 Bxh4 31.Qe4 Bf6 32.Bc5 b6 33.Bd4 Bxd4 34.Rxd4 Qc2 35.Qe5 Qa2 36.Rg4 g6
37.Rxg6+ fxg6 38.Qxe6+ Kg7 39.Qxc8  1/2-1/2

[Event "14th FIDE Open"]
[Site "Voronezh RUS"]
[Date "2010.06.14"]
[Round "3"]
[White "Golovchanov,A"]
[Black "Kruchev,B"]
[Result "1/2-1/2"]
[WhiteElo "2061"]
[BlackElo "2252"]

1.e4 c5 2.c3 Nf6 3.e5 Nd5 4.d4 cxd4 5.cxd4 e6 6.Nf3 Nc6 7.Bc4 Nb6 8.Bd3 d6
9.O-O Nb4 10.Be2 Bd7 11.Nc3 Rc8 12.Bg5 f6 13.exf6 gxf6 14.Bd2 Nc4 15.Ng5 Nxd2
16.Bh5+ Ke7 17.Qxd2 Qa5 18.d5 Bh6 19.f4 fxg5 20.fxg5 Qc5+ 21.Kh1 Nxd5 22.Ne4 Qe3
23.Rf7+ Kd8 24.Qxe3 Nxe3 25.gxh6 Rc2 26.Nf6 Bc6 27.Bf3 Nf5 28.Bxc6 Rxc6 29.Rxb7 Nxh6  1/2-1/2

[Event "14th FIDE Open"]
[Site "Voronezh RUS"]
[Date "2010.06.14"]
[Round "3"]
[White "Gataullin,A"]
[Black "Kurnakov,M"]
[Result "1-0"]
[WhiteElo "2050"]
[BlackElo "1832"]

1.e4 c5 2.c3 Nf6 3.e5 Nd5 4.d4 cxd4 5.cxd4 Nc6 6.Nf3 e6 7.Nc3 d6 8.Nxd5 exd5
9.Bd3 Bg4 10.O-O Be7 11.Bf4 O-O 12.exd6 Bf6 13.h3 Be6 14.Qb3 Qb8 15.Rad1 g6
16.Bb1 Bg7 17.Bg3 a6 18.Ne5 Rd8 19.Qc3 Na7 20.a4 b5 21.b3 Bf8 22.f4 f5 23.Bh4 Rc8
24.Qf3 Bxd6 25.g4 Rf8 26.gxf5 gxf5 27.Kh1 Qc7 28.Rg1+ Kh8 29.Qh5 Bxe5 30.fxe5 bxa4
31.Qh6  1-0

[Event "Open"]
[Site "Teplice CZE"]
[Date "2010.06.15"]
[Round "4"]
[White "Kaluzny,Ma"]
[Black "Bazantova,M"]
[Result "0-1"]
[WhiteElo "1720"]
[BlackElo "1969"]

1.e4 c5 2.c3 Nf6 3.e5 Nd5 4.d4 cxd4 5.cxd4 Qc7 6.Bd3 g6 7.Bd2 Bg7 8.Nc3 Nxc3
9.Bxc3 O-O 10.Nf3 d6 11.O-O Bg4 12.h3 Bxf3 13.Qxf3 dxe5 14.dxe5 Nc6 15.e6 fxe6
16.Qe3 e5 17.Rfe1 a6 18.Rac1 Qd7 19.Be4 Nd4 20.Bxd4 exd4 21.Qb3+ Kh8 22.Qxb7 Qd6
23.Qxa8 Rxa8 24.Bxa8 Bf6 25.Bf3 d3 26.Red1 Bxb2 27.Rc6 Qd4 28.Rxa6 d2 29.a4 Bc3
30.Ra8+ Kg7 31.g3 e5 32.Rc8 Ba5 33.Ra8 Bb6 34.Rf1 Qd3 35.Kg2 e4 36.Bd1 Qd5
37.Ra6 e3+ 38.f3 Qd3  0-1

[Event "14th Master Open"]
[Site "Voronezh RUS"]
[Date "2010.06.15"]
[Round "4"]
[White "Provotorov,I"]
[Black "Papin,V"]
[Result "0-1"]
[WhiteElo "2405"]
[BlackElo "2520"]

1.e4 c5 2.c3 Nf6 3.e5 Nd5 4.d4 cxd4 5.Nf3 Nc6 6.cxd4 d6 7.Bc4 Nb6 8.Bb5 Bd7
9.exd6 e6 10.Bg5 f6 11.Bh4 Bxd6 12.O-O Nb4 13.Nc3 O-O 14.Qb3 Re8 15.Bxd7 Qxd7
16.Ne4 N4d5 17.Rfe1 Rac8 18.Bg3 Bb4 19.Red1 f5 20.Ned2 Bxd2 21.Rxd2 f4 22.Bh4 Nc4
23.Re2 h6 24.Rae1 Nd6 25.g4 g5 26.Bxg5 hxg5 27.Rxe6 Rxe6 28.Qxd5 Re8 29.Nxg5 Qb5  0-1